000 00905nab a22002177a 4500
999 _c5860
_d5860
003 OSt
005 20260108224140.0
008 190514b xxu||||| |||| 00| 0 spa d
040 _cPJ
100 _96749
_aAlemán, María del Carmen
245 1 0 _aBalance, consolidación y desafíos en la relación entre progenitores e hijos/as afines /
_cMaría del Carmen Alemán, Cecilia Lopes.
300 _ap. 216-231
505 _aSumario: I. Introducción.— II. La regulación del Cód. Civ. y Com.— III. Palabras finales
505 _tSi te interesa el texto, comunicate a koha@justierradelfuego.gov.ar
650 0 _91497
_aCODIGO CIVIL Y COMERCIAL
650 0 _9967
_aDERECHO DE FAMILIA
650 0 _94103
_aPROGENITOR AFIN
700 _96018
_aLopes, Cecilia
_ecoautor
773 0 _02844
_93222
_dBuenos Aires : AbeledoPerrot, 1989-
_tDerecho de familia. N° 120 - Julio 2025
_z18511201
942 _2udc
_cANA